Study of Environmental awareness and practices amongst the employees of the companies, in selected industrial estates in Uttarakhand / (Record no. 26972)
[ view plain ]
| 000 -LEADER | |
|---|---|
| fixed length control field | 00601nam a2200157Ia 4500 |
| 041 ## - LANGUAGE CODE | |
| Language code of text/sound track or separate title | English |
| 082 ## - DEWEY DECIMAL CLASSIFICATION NUMBER | |
| Classification number | RR.0292 |
| 100 ## - MAIN ENTRY--AUTHOR NAME | |
| Personal name | Rahman, Zillur |
| Affiliation | IIT Roorkee |
| Place | Uttarakhand |
| 245 #0 - TITLE STATEMENT | |
| Title | Study of Environmental awareness and practices amongst the employees of the companies, in selected industrial estates in Uttarakhand / |
| Statement of responsibility, etc | Zillur Rahman |
| 260 ## - PUBLICATION, DISTRIBUTION, ETC. (IMPRINT) | |
| Place of publication | New Delhi : |
| Name of publisher/Sponsor | Indian Council of Social Science Research, |
| Year of publication | 2016 |
| 300 ## - PHYSICAL DESCRIPTION | |
| Number of Pages | 74p. |
| 536 ## - FUNDING INFORMATION NOTE | |
| Funding Agency | Indian Council of Social Science Research |
| 650 ## - SUBJECT ADDED ENTRY--TOPICAL TERM | |
| Topical Term | Environmental Science |
| Geographic subdivision | India |
| -- | Uttarakhand |
| 650 ## - SUBJECT ADDED ENTRY--TOPICAL TERM | |
| Topical Term | Industrial Estates |
| 942 ## - ADDED ENTRY ELEMENTS (KOHA) | |
| Source of classification or shelving scheme | Dewey Decimal Classification |
| Koha item type | Research Reports |
| Withdrawn status | Lost status | Damaged status | Not for loan | Collection code | Home library | Current library | Date acquired | Source of acquisition | Full call number | Accession Number | Price effective from | Koha item type |
|---|---|---|---|---|---|---|---|---|---|---|---|---|
| Not For Loan | ICSSR Research Project Reports | NASSDOC Library | NASSDOC Library | 11/11/2021 | Gifted by: RP Division ICSSR | RR.0292 | 51604 | 03/12/2021 | Research Reports |
